00000000nam##2200000za#4500
0019.530657
003CaOODSP
00520200327083032
007ta
008150406|1998||||xxc|||||     f|0| 0 fre|d
020 |a0-662-63523-X
040 |aCaOODSP|bfre
041 |aeng
041 |afre
043 |an-cn---
0861 |aC21-24/23-1998
1101 |aCanada.|bIndustrie Canada. |bDirection de l'analyse micro-économique.
24513|aLa restructuration de l'industrie canadienne : |banalyse micro-économique / |cpar Sunder Magun.
260 |aOttawa - Ontario : |bIndustrie Canada. |c1998.
300 |aTexte français, 47p. : |bgraphiques, tableaux ; |c28 cm.
4901 |aDocuments de travail|v23
500 |aN.B.: Le numéro de catalogue (C21-24/22-1998) imprimé dans cette publication est incorrect.
504 |aBibliographie.
546 |aBilingue
563 |aCouverture souple
590 |a98-24|b1998-06-12
7201 |aMagun, Sunder
7760#|tRestructuring in Canadian industries : |w(CaOODSP)9.570591
7760#|tLa restructuration de l'industrie canadienne : |w(CaOODSP)9.601239
791 |tRestructuring in Canadian industries : |eeng|w(CaOODSP)9.530656
830#0|aDocuments de travail ;|v23|w(CaOODSP)9.509053